Valencia en les novel.les de Blasco Ibáñez / (Record no. 140567)

MARC details
000 -LEADER
campo de control de longitud fija 00756nam a2200229 i 4500
001 - NÚMERO DE CONTROL
campo de control 140567
003 - IDENTIFICADOR DE NÚMERO DE CONTROL
campo de control ES-MaACL
005 - FECHA Y HORA DE LA ÚLTIMA TRANSACCIÓN
campo de control 20250910213843.0
007 - CAMPO FIJO DE DESCRIPCIÓN FÍSICA--INFORMACIÓN GENERAL
campo de control de longitud fija t|
008 - DATOS DE LONGITUD FIJA--INFORMACIÓN GENERAL
campo de control de longitud fija 070214s1966 sp r ||||1| cat d
080 ## - NÚMERO DE LA CLASIFICACIÓN DECIMAL UNIVERSAL
Número de la Clasificación Decimal Universal 821.134.2 Blasco Ibáñez, Vicente 1.06
100 1# - ENTRADA PRINCIPAL--NOMBRE DE PERSONA
Nombre de persona Sebastià Domingo, Enric.
9 (RLIN) 105003
245 10 - MENCIÓN DEL TÍTULO
Título Valencia en les novel.les de Blasco Ibáñez /
Mención de responsabilidad, etc. Enric Sebastià Domingo ; próleg de Joan Regla.
260 ## - PUBLICACIÓN, DISTRIBUCIÓN, ETC.
Lugar de publicación, distribución, etc. Valencia :
Nombre del editor, distribuidor, etc. L'Estel,
Fecha de publicación, distribución, etc. 1966.
300 ## - DESCRIPCIÓN FÍSICA
Extensión 127 p. ;
Dimensiones 21 cm.
490 1# - MENCIÓN DE SERIE
Mención de serie Taronja
600 14 - PUNTO DE ACCESO ADICIONAL DE MATERIA--NOMBRE DE PERSONA
Nombre de persona Blasco Ibáñez, Vicente,
Fechas asociadas al nombre 1867-1928-
Subdivisión general Crítica e interpretación
9 (RLIN) 29390
700 1# - ENTRADA AGREGADA--NOMBRE PERSONAL
Nombre de persona Reglá, Juan,
Fechas asociadas al nombre 1917-1973
9 (RLIN) 95897
830 1# - PUNTO DE ACCESO ADICIONAL DE SERIE-TÍTULO UNIFORME
Título uniforme Taronja
9 (RLIN) 220337
852 ## - LOCALIZACIÓN
Ubicación ES-MaACL
Número de control de estantería C-30716
Holdings
Estatus retirado Estado de pérdida Estado de daño No para préstamo Biblioteca de origen Biblioteca actual Ubicación en estantería Fecha de adquisición Fuente de adquisición Total de préstamos Signatura topográfica completa Código de barras Visto por última vez Precio de reemplazo Tipo de ítem Koha
        Biblioteca del Ateneo de Madrid Biblioteca del Ateneo de Madrid Depósito 2 17/01/2008     C-30716 1146276 23/02/2023 23/02/2023 Libro impreso